| 000 | 00728nam a22001337a 4500 | ||
|---|---|---|---|
| 040 | _cRUA | ||
| 082 | _aVEM KAO 2014 B459 Or.1 | ||
| 100 | _aKAO SOUNSOKHENG; កៅ សួនសុខហេង | ||
| 245 | _aSurvey on foot and mouth disease of cattle, ou saray and tramkak district, takeo province; អង្កេតជំងឺអ៊ុតក្ដាមគោនៅក្នុងឃុំអូរសារាយ និងឃុំត្រពាំងក្រញូង ស្រុកត្រាំកក់ ខេត្តតាកែវ | ||
| 260 |
_aPhnom Penh _bRUA _c2014 |
||
| 300 |
_aix;32p. _bill. _c29cm. |
||
| 856 | _uhttps://drive.google.com/file/d/1Bix_mCHfIJwNmjq3BEBPhURtchVo_Npo/view?usp=sharing | ||
| 942 | _cVEM | ||
| 999 |
_c7542 _d7542 |
||